Normal view
MARC view
- Goldsmid .H.J
Entry Personal Name
001 - CONTROL NUMBER
- control field: 101093
003 - CONTROL NUMBER IDENTIFIER
- control field: NUST
005 - DATE AND TIME OF LATEST TRANSACTION
- control field: 20221021125033.0
008 - FIXED-LENGTH DATA ELEMENTS
- fixed length control field: 221021|| aca||aabn | a|a d
040 ## - CATALOGING SOURCE
- Original cataloging agency: NUST
- Transcribing agency: NUST
100 ## - HEADING--PERSONAL NAME
- Personal name: Goldsmid .H.J
670 ## - SOURCE DATA FOUND
- Source citation: Work cat.: (NUST)182973: Goldsmid .H.J, The Thermal Properties of Solids /, 1965
